Minimalne ubytovanie pre zodpovedný turizmus - priestorové riešenie, dizajn produktu a zážitku

Gespeichert in:
Bibliographische Detailangaben
1. Verfasser: Janáková, Júlia (Verfasst von)
Weitere Verfasser: Kotradyová, Veronika (Betreuung Doktorarbeit)
Format: Manuskript Buch
Sprache:Slowakisch
Veröffentlicht: 2025
Schlagworte:
Online-Zugang:http://is.stuba.sk/zp/portal_zp.pl?podrobnosti=162178
Tags: Tag hinzufügen
Keine Tags, Fügen Sie das erste Tag hinzu!

MARC

LEADER 00000ntm a22000003a 4500
001 stuzp98667
003 SK-STU
005 20250614210541.9
007 ta
008 150427s2015----xo-----f-mn---000-0-slo-d
040 |a STU  |b slo 
041 0 |a slo 
100 1 |a Janáková, Júlia  |u 055150  |4 aut  |U FAD Fakulta architektúry a dizajnu  |T FAD Ústav interiéru a výstavníctva  |X 110411  |U A5150  |Y 396  |7 110411 
242 0 1 |a Accommodation for responsible tourism - spatial design, product and experience design  |y eng 
245 1 0 |a Minimalne ubytovanie pre zodpovedný turizmus - priestorové riešenie, dizajn produktu a zážitku 
260 |c 2025 
650 4 |a tourist shelters  |2 eng 
650 4 |a responsible tourism  |2 eng 
650 4 |a biomimetic design  |2 eng 
650 4 |a biomimetické navrhovanie  |2 slo 
650 4 |a zodpovedný turizmus  |2 slo 
650 4 |a turistické útulne  |2 slo 
700 1 |a Kotradyová, Veronika  |u 055150  |k Z1  |4 ths  |U FAD Fakulta architektúry a dizajnu  |T FAD Ústav interiéru a výstavníctva  |X 344  |U A5150  |Y 396  |7 A000000344 
856 4 |u http://is.stuba.sk/zp/portal_zp.pl?podrobnosti=162178